000 00553nam a2200157 a 4500
008 120416s1971 ||||||||||||||||| || u
050 _aQD 461 San
100 _aSanderson, R. T
245 1 0 _aChemical bonds and bond energy
260 _aNew York
_bAcademic Press
_c1971
300 _ax, 222p. : ill.
350 _a0.00
650 0 _aCHEMISTRY--HANDBOOKS, MANUALS, ETC
650 _aCHEMICAL BONDS
995 _D0.00
_FCBU-MAIN LIBRARY (Kitwe)
_H1
_I6.00
_UAVAILABLE
_ZAnnex Low-Usage Collection
999 _c37145
_d37145